Una palomita en mi palomar: cuentos y relatos campesinos de Chile

Spremljeno u:
Bibliografski detalji
Glavni autor: Navarrete Araya, Micaela (autora)
Format: Knjiga
Jezik:španjolski
engleski
Izdano: Santiago DIBAM 2000
Santiago FUCOA 2000
Teme:
Oznake: Dodaj oznaku
Bez oznaka, Budi prvi tko označuje ovaj zapis!

MARC

LEADER 00000nam a2200000 a 4500
001 UCM3652
003 CL-VaPUC
008 020712e20000000cl |||||||||||||||||spa|d
041 0 7 |a spa  |2 CL-VaPUC 
041 0 7 |a eng  |2 CL-VaPUC 
082 0 4 |a Ch863  |b NAV  |2 21 
100 |a Navarrete Araya, Micaela  |e autora  |9 568345 
245 1 4 |a Una palomita en mi palomar: cuentos y relatos campesinos de Chile 
300 |a 344 p 
942 |c BK 
945 |d 20020712 00:00:00  |a cmena 
260 |a Santiago  |b DIBAM  |c 2000 
260 |a Santiago  |b FUCOA  |c 2000 
650 0 |a Cuentos chilenos   |9 308280 
650 0 |a Zonas rurales  |9 317366 
650 0 |a Costumbres y tradiciones   |9 268292 
583 |a last modification  |c 20171010 11:17:05  |k Rodrigo Vera 
999 |c 300856  |d 300854 
952 |0 0  |1 0  |4 0  |6 CH_863_000000000000000_NAV_2000_2000  |7 0  |8 X  |9 359223  |a FDOMLP  |b FDOMLP  |d 2019-11-21  |i 3829030  |o Ch863 NAV 2000 2000  |p 3829030  |r 2019-11-21  |w 2019-11-21  |y BK_X  |k BU2